| Tag |
First Indicator |
Second Indicator |
Subfields |
| LEADER |
00000cam a2200000 a 4500 |
| 001 |
in00001552213 |
| 005 |
20151216112459.0 |
| 008 |
000328s2000 pau b 101 0 eng |
| 010 |
|
|
|a 00037218
|
| 020 |
|
|
|a 1558994653
|
| 035 |
|
|
|a (OCoLC)ocm43751850
|
| 040 |
|
|
|a DLC
|c DLC
|d TXA
|d UtOrBLW
|
| 049 |
|
|
|a TXAM
|
| 050 |
0 |
0 |
|a TK7872.L56
|b F537 2000
|
| 082 |
0 |
0 |
|a 621.3815/422
|2 21
|
| 245 |
0 |
0 |
|a Flat-panel displays and sensors :
|b principles, materials and processes : symposium held April 4-9, 1999, San Francisco, California, U.S.A. /
|c editors, Babu Chalamala [and others].
|
| 264 |
|
1 |
|a Warrendale, Pa. :
|b Materials Research Society,
|c [2000]
|
| 264 |
|
4 |
|c ©2000
|
| 300 |
|
|
|a xv, 615 pages :
|b illustrations ;
|c 24 cm.
|
| 336 |
|
|
|a text
|b txt
|2 rdacontent
|
| 337 |
|
|
|a unmediated
|b n
|2 rdamedia
|
| 338 |
|
|
|a volume
|b nc
|2 rdacarrier
|
| 490 |
1 |
|
|a Materiald Research Society symposium proceedings ;
|v v. 558
|
| 504 |
|
|
|a Includes bibliographical references and index.
|
| 650 |
|
0 |
|a Liquid crystal displays
|v Congresses.
|
| 650 |
|
0 |
|a Thin film transistors
|v Congresses.
|
| 650 |
|
0 |
|a Electroluminescent display systems
|v Congresses.
|
| 650 |
|
0 |
|a Fluorescent screens
|v Congresses.
|
| 650 |
|
0 |
|a Field emission
|v Congresses.
|
| 700 |
1 |
|
|a Chalamala, Babu R.
|
| 830 |
|
0 |
|a Materials Research Society symposia proceedings ;
|v v. 558.
|
| 948 |
|
|
|a cataloged
|b h
|c 2000/7/26
|d c
|e dmitchel
|f 2:20:04 pm
|
| 994 |
|
|
|a E0
|b TXA
|
| 999 |
|
|
|a MARS
|
| 999 |
f |
f |
|s 56bc8856-4ba0-33b3-a152-e6c5154ae99b
|i 135e4329-8627-3017-83ed-495a0bf79fb7
|t 0
|
| 952 |
f |
f |
|p ric
|a Texas A&M University
|b Rellis Campus
|c Joint Library Facility
|d Remote Storage
|t 0
|e TK7872.L56 F537 2000
|h Library of Congress classification
|i unmediated -- volume
|m A14826495026
|
| 998 |
f |
f |
|a TK7872.L56 F537 2000
|t 0
|l Remote Storage
|